The Big Idea Collected (Record no. 926)

000 -LEADER
fixed length control field 00602nam a22002057a 4500
003 - CONTROL NUMBER IDENTIFIER
control field OSt
005 - DATE AND TIME OF LATEST TRANSACTION
control field 20210426104429.0
008 - FIXED-LENGTH DATA ELEMENTS--GENERAL INFORMATION
fixed length control field 210121s1999 ||||| |||| 00| 0 eng d
020 ## - INTERNATIONAL STANDARD BOOK NUMBER
International Standard Book Number 0965088807
040 ## - CATALOGING SOURCE
Original cataloging agency eng
Language of cataloging eng
Transcribing agency DLC
041 ## - LANGUAGE CODE
Language code of text/sound track or separate title eng
080 ## - UNIVERSAL DECIMAL CLASSIFICATION NUMBER
Universal Decimal Classification number 001
Item number S-88
100 ## - MAIN ENTRY--PERSONAL NAME
9 (RLIN) 680
Personal name Strathern, Paul
245 ## - TITLE STATEMENT
Title The Big Idea Collected
Remainder of title : 6 Revolutionary Ideas that Changed the World
Statement of responsibility, etc. / by: Quality Paperback Book Club
260 ## - PUBLICATION, DISTRIBUTION, ETC.
Place of publication, distribution, etc. New York
Name of publisher, distributor, etc. Quality Paperback Book Club
Date of publication, distribution, etc. 1999
300 ## - PHYSICAL DESCRIPTION
Extent 114 p.
Other physical details ill.
650 #0 - SUBJECT ADDED ENTRY--TOPICAL TERM
9 (RLIN) 681
Topical term or geographic name entry element Science
653 ## - INDEX TERM--UNCONTROLLED
Uncontrolled term მეცნიერება
942 ## - ADDED ENTRY ELEMENTS (KOHA)
Source of classification or shelving scheme
Koha item type Books
Holdings
Withdrawn status Lost status Source of classification or shelving scheme Damaged status Not for loan Permanent location Current location Date acquired Inventory number Total Checkouts Full call number Barcode Date last seen Price effective from Koha item type
          Ken Walker International University Ken Walker International University 01/21/2021 2404   001 S-88 2404 01/21/2021 01/21/2021 Books

Powered by Koha